000 00650nam a2200229Ia 4500
003 OSt
005 20220923230042.0
006 a|||||r|||| 00| 0
007 ta
008 Pun
024 _a277,019
037 _cTextual
040 _aARTS
_cARTS
_bPun
041 _2Pun
_aPun
082 _aO153,3N17:g, K0
100 _aਸਿੰਘ, ਨਿਰਮਲ
245 0 _aਕਹਾਣੀਕਾਰ ਕਰਤਾਰ ਸਿੰਘ ਦੁੱਗਲ
_b ਵਿFਾ ਪੱਥ
260 _c1960
650 _aਪੰਜਾਬੀ ਸਾਹਿਤ
942 _hO153,3N17:g, K0
_cTEXL
_2CC
999 _c382143
_d382143